000 00712nam a2200253Ia 4500
003 OSt
005 20221005084653.0
006 a|||||r|||| 00| 0
007 ta
008 221004b |||||||| |||| 00| 0 eng d
020 _a0854963073 (hbk)
024 _a122283
037 _bGift, 27/10/2012,
_cTextual
040 _aCRL
_cCRL
_beng
041 _2eng
_aeng
082 _aV5931:19, N0
100 _aBridgw F.R.
_9613454
245 0 _aHabsburg monarchy among the great powers, 1815-1918
260 _aNew York
_bBerg U.S.A
_c1990
300 _aviii, 417p.
_ccm.
650 _aHISTORY
942 _hV5931:19, N0
_cTEXL
_2cc
999 _c992951
_d992951